Music Quiz

Random Music or Lyrics Quiz
Score 0/30 Timer 04:00
0 Plays Today
% Correct
New Rules
65.2%
Shape of You
63.3%
Havana
56.3%
Chained To The Rhythm
52.2%
Attention
48.2%
Mans Not Hot
44.9%
Something Just Like This
42.5%
Paris
39.5%
That's What I Like
37.6%
17
37.4%
Rockstar
35.3%
Dusk Till Dawn
35.2%
Symphony
33.3%
Despacito
32.1%
Pretty Girl
29.9%
% Correct
Bon Appetit
28.7%
It Ain't Me
28.7%
Sign Of The Times
24.1%
Mama
22.3%
Anywhere
20.8%
2U
20.6%
Fetish
19.8%
Malibu
18.5%
Love Me Better
16.8%
Unforgettable
16.3%
Feels
12.8%
More Than You Know
10%
Kissing Strangers
9.5%
Passionfruit
8%
Slide
6.4%
Remove Ads.
Support Sporcle.
Get the best of Sporcle when you Go Orange. This ad-free experience offers more features, more stats, and more fun while also helping to support Sporcle. Thank you for becoming a member.

You're not logged in!

Compare scores with friends on all Sporcle quizzes.
OR
Log In

Sporcle TV

Today on Sporcle TV


Watch our educational content, quiz creation guides, and fun videos on Sporcle TV.

Show Comments

Extras

Top Quizzes Today


Score Distribution

Paid Content

Your Account Isn't Verified!

In order to create a playlist on Sporcle, you need to verify the email address you used during registration. Go to your Sporcle Settings to finish the process.

Report this User

Report this user for behavior that violates our Community Guidelines.

Details: